000 01181nam a22002537a 4500
003 DO-SdBNP
005 20210825092101.0
007 ta
008 210824e2018 dr aodbgr|||| 001 e spa d
020 _a9789945169171
040 _aDO-SdBNP
_bspa
_cBNPHU
_espa
082 _bP438d
100 1 _974486
_aPérez M., Diomarys A.
245 1 3 _aDiscurso bíblico transversal:
_bGénesis 3:15 /
_cDiomarys A. Pérez M.; José E. Flete-Morillo, pról.
260 _aSanto Domingo :
_bEditora Búho,
_c2016
300 _a343 p.:
_bil., fotogr., gráf., mapas, retr.;
_c23cm
500 _aIncluye biografía de la autora en la solapa.
500 _aBiografía y notas al pié de páginas.
504 _aBibliografía, p. 339-343
505 _gCapítulo I.
_tProfecía bíblica.--
_gCapítulo II.
_tLa profecía de Génesis 3:15.--
_gCapítulo III.
_tLos pactos bíblicos en el entramado profético.--
_gCapítulo IV.
_tImplicaciones de la profecía de Génesis 3:15 en el discurso profético.--
_gCapítulo V.
_tApocalipsis, Jesús revela el triunfo final sobre la serpiente antigua.
590 _aInventariado 2021 / MF
700 1 2 _965213
_aFlete Morillo, José E.
_epról.
942 _2ddc
_cLBS1
999 _c50274
_d50274